| 000 | 00542nam a2200181Ia 4500 | ||
|---|---|---|---|
| 005 | 20250326142356.0 | ||
| 008 | 250326s9999 xx 000 0 und d | ||
| 037 | _aTextbook | ||
| 040 |
_aFMSL _beng _cFMSL |
||
| 041 |
_aeng _2eng |
||
| 084 |
_aX.44 M8 _qFMSL |
||
| 100 |
_aLucas R E B _9745974 |
||
| 245 | 0 |
_aIndian economy : Recent development and future prospects. _cLucas R E B; Papanek G F |
|
| 260 |
_aNew York _bNew York, Oxford University _c1987 |
||
| 300 | _a311p | ||
| 942 |
_cTB _hX.44 M8 |
||
| 999 |
_c1294725 _d1294725 |
||